Les pays contenant entre 50 % et 60 % d'orthodoxes - Statistiques

Statistiques générales
  • Ce quiz a été pris 17 fois
  • Le résultat moyen est 2 sur 3
Statistiques - réponses
Hint Réponse % Correct
51,32 % Ukraine
87%
55,99 % Biélorussie
80%
59,07 % Serbie
47%
Aucun quiz correspondant
Distribution des résultats
% des personnes avec chaque résultat
Percentile par nombre de réponses
Votre historique - résultats
Vous n’avez pas pris ce quiz